000 00399nam a2200157Ia 4500
003 GCL
008 140319s9999 xx 000 0 eng d
040 _aGCL /
_cGCL
082 0 4 _a747
_bW D
100 1 _aWILHIDE, ELISABETH
245 1 0 _aD'ECARS D'AUJOURD HUI /
_cWILHIDE, ELISABETH
260 _a[S.N] :
_bLILIRAIRIEE GRUND ،
_c1989
650 0 4 _aARTS
650 0 4 _aDECORATION
942 _2ddc
_cBK
999 _c17214
_d17214